000 00407cam a2200145 4500500
005 20251012032642.0
041 _afre
042 _adc
100 1 0 _aDufour, Sylvette
_eauthor
245 0 0 _aMar/seuil
260 _c2025.
500 _a74
786 0 _nSigila | 55 | 1 | 2025-05-06 | p. 79-82 | 1286-1715
856 4 1 _uhttps://shs.cairn.info/revue-sigila-2025-1-page-79?lang=fr&redirect-ssocas=7080
999 _c1547991
_d1547991